• 首页
  • 本馆介绍
  • 公告通知
  • 最新文献
  • 馆藏检索
  • 电子资源
  • 读者荐购
  • 参考咨询
  • CALIS
  • 我的图书馆
  • 登录
  • 详细信息显示
  • 放入我的书架
  • 预约/预借图书
  • 作者相关作品
  • 分类相关作品
  • 丛书相关作品
  • 出版社相关作品

书目信息

  • 表格格式
  • 工作单格式
  • 卡片格式
题名:
2010全国注册环保工程师资格考试专业基础考试考点精析及强化训练
    
 
作者: 曹亚莉 主编 ;王敏 , 王文海 副主编
分册:  
出版信息: 北京   机械工业出版社  2010.07
页数: 314页
开本: 27cm
丛书名: 全国注册环保工程师资格考试辅导系列
单 册:
中图分类: X
科图分类:
主题词: 环境保护--工程技术人员--自学参考资料
电子资源:
ISBN: 978-7-111-30781-5
 
 
 
 
 
000 01108nam 2200289 450
001 004639927
005 20101009100830.04
010    @a978-7-111-30781-5@dCNY63.00
100    @a20101129d2010 em y0chiy50 ea
101 0  @achi
102    @aCN@b110000
105    @aa z 000yy
200 1  @a2010全国注册环保工程师资格考试专业基础考试考点精析及强化训练@A2010 quan guo zhu ce huan bao gong cheng shi zi ge kao shi zhuan ye ji chu kao shi kao dian jing xi ji qiang hua xun lian@f曹亚莉主编@g王敏, 王文海副主编
205    @a第2版
210    @a北京@c机械工业出版社@d2010.07
215    @a314页@c图@d27cm
225 2  @a全国注册环保工程师资格考试辅导系列
300    @a机工建筑考试
330    @a本书的内容包含工程流体力学与流体机械、环境工程微生物学、环境监测与分析、环境评价与环境规划、污染防治技术五部分内容。
410  0 @12001 @a全国注册环保工程师资格考试辅导系列
606 0  @a环境保护@x工程技术人员@j自学参考资料
690    @aX@v4
701  0 @a曹亚莉@Acao ya li@4主编
702  0 @a王敏@Awang min@4副主编
702  0 @a王文海@Awang wen hai@4副主编
801  0 @aCN@c20101129
905    @dX@eC160=2
    
    2010全国注册环保工程师资格考试专业基础考试考点精析及强化训练/曹亚莉主编/王敏, 王文海副主编.-第2版.-北京:机械工业出版社,2010.07
    314页:图;27cm.-(全国注册环保工程师资格考试辅导系列)
    机工建筑考试
    
    ISBN 978-7-111-30781-5:CNY63.00
    本书的内容包含工程流体力学与流体机械、环境工程微生物学、环境监测与分析、环境评价与环境规划、污染防治技术五部分内容。
●
相关链接 在E读中查询图书 在当当中查询图书 在豆瓣中查询图书


正题名:2010全国注册环保工程师资格考试专业基础考     索取号:X/C160=2         预约/预借

序号 登录号 条形码 馆藏地/架位号 状态 备注
1 1032802   210328028   自科库501/501自科库 90排2列4层/ [索取号:X/C160=2] 在馆    
2 1032803   210328037   期刊室512/501自科库 90排2列4层/ [索取号:X/C160=2] 在馆    
3 1032804   210328046   自科库501/501自科库 90排2列4层/ [索取号:X/C160=2] 在馆    
河南城建学院图书馆 欢迎您!
大连网信软件有限公司© 版权所有